000 01001nas a2200301 4500
001 BR2013004207
003 BR-BrBNA
005 20231205122409.0
007 ta
008 230509b bl.|||p| |||| 00| 00por d
040 _aBR-BrBNA
_bpor
_cBiblioteca Nacional de Agricultura
041 _a(Pt)
072 _aF60; F61
100 1 _aCamacho, M.A.
100 1 _aSilveira, M.V.
100 1 _aCamargo, R.A.
100 1 _aNatale, W.
245 1 _aFaixas normais de nutrientes pelos métodos ChM, DRIS e nível crítico pelo método de distribuição normal reduzida para laranjeira-pera
650 _aLARANJA PERA
650 _aANÁLISE FOLIAR
650 _aNUTRIÇÃO VEGETAL
650 _aBIOQUÍMICA
650 _aSOLO
773 0 _tRevista Brasileira de Ciência do Solo (Brazil)
_xISSN 0100-0683
_g(Jan-Feb 2012), v. 36(1) p. 193-200
_wBR2013004207
856 4 0 _uhttp://www.scielo.br/pdf/rbcs/v36n1/v36n1a20.pdf
909 _a202311
_bLúcia
_c55
_dLúcia Elande
942 _2AGRIS
_n0
_cANA
999 _c228443
_d228443